000 00608 a2200193 4500
001 63194
005 20260407155927.0
008 260407a1970 arg spa d
003 AR-UNSa-BCEJYS
040 _aAR-UNSa-BCEJYS
_bspa
_cAR-UNSa-BCEJYS
080 _a339.9
_xEconomía internacional en general. Relaciones económicas internacionales. Economía mundial
245 1 0 _aEstructura económica internacional
264 1 _aMadrid :
_bAlianza Editorial
_c1970
300 _axiii, 451 p.
_c18 cm.
041 _aspa
942 _cBK
590 _aniveau_biblio:m niveau_hierar:0
100 1 _aTamames, Ramón
999 _c8035
_d8035